000 01248nam a22002057a 4500
003 JO-AjAnu
005 20250715104431.0
008 250715b jo ||||| |||| 00| 0 ara d
040 _aJO-AjAnu
_bara
_cJO-AjAnu
_dJO-AjAnu
_erda
041 _aara
_hara
050 _aLC4707
_b2025
100 1 _aالعياصرة، اماني محمود توفيق
_eمعد
_966593
245 0 _aدرجة تطبيق المعلمين المساندين للتكنولوجيا المساندة في تعليم الطلبة ذوي صعوبات التعلم = The Degree of Assistant Teachers’ Implementation of Assistive Technology in Teaching Students With Learning Disabilities /
_cاعداد اماني محمود توفيق العياصرة ؛ اشراف فيصل عيسى النواصرة
260 _c2025
300 _a87 ورقة
504 _aرسالة جامعية(رسالة ماجستير)-جامعة عجلون الوطنية(عجلون، الاردن)-كلية العلوم التربوية، قسم التربية الخاصة، تخصص صعوبات التعلم، 2025.
650 7 0 _aصعوبات التعلم- تكنولوجيا التعليم
_966594
700 1 _aالنواصرة، فيصل عيسى.
_eمشرف
_965078
942 _2lcc
_cTHS
_n0
999 _c33944
_d33944